000 00482nam a22001697a 4500
005 20251108172710.0
008 250721s2002 xx 000 0 ara d
082 1 4 _a214.5/عرا
100 1 _aأبو عرام، أحمد موسى
_eمؤلف
245 1 0 _aالموت وعذاب القبر /
264 1 _aعمان :
_bدار البيت العتيق،
_c2002.
300 _a102ص
650 1 7 _aالوفاة
650 1 7 _aعذاب القبر
942 _2ddc
_cBK
999 _c86224
_d86224